[Event "GER-ch Seniors 65 31st"]
[Site "Radebeul"]
[Date "2019.05.03"]
[Round "8"]
[White "Klimpel, Siegfried"]
[Black "Gabriel, Rolf"]
[Result "0-1"]
[WhiteElo "1856"]
[BlackElo "1726"]
[PlyCount "46"]
[EventDate "2019.04.26"]
[EventType "swiss"]
[EventRounds "9"]
[EventCountry "GER"]
[SourceTitle "CBM 190 Extra"]
[Source "ChessBase"]
[SourceDate "2019.07.15"]
[SourceVersion "1"]
[SourceVersionDate "2019.07.15"]
[SourceQuality "1"]

1. e4 e6 2. Nc3 d5 3. Nf3 Nf6 4. e5 Ng8 5. d4 c5 6. Be3 Nd7 7. Be2 Nh6 8. Bxh6 gxh6 9. Qd2 cxd4 10. Qxd4 Bg7 11. Nd1 0-0 12. Ne3 Qc7 13. Ng4 f5 14. exf6 Nxf6 15. Nxf6+ Bxf6 16. Qg4+ Kh8 17. Qb4 Bd7 18. c3 Rac8 19. Rc1 a5 20. Qb3 Qf4 21. Rd1 Ba4 22. Rd4 Bxd4 23. Qxb7 Qc1+ 0-1

[Event "GER-ch Seniors 65 31st"]
[Site "Radebeul"]
[Date "2019.05.01"]
[Round "6"]
[White "Klimpel, Siegfried"]
[Black "Meissner, Werner"]
[Result "0-1"]
[WhiteElo "1856"]
[BlackElo "1665"]
[PlyCount "60"]
[EventDate "2019.04.26"]
[EventType "swiss"]
[EventRounds "9"]
[EventCountry "GER"]
[SourceTitle "CBM 190 Extra"]
[Source "ChessBase"]
[SourceDate "2019.07.15"]
[SourceVersion "1"]
[SourceVersionDate "2019.07.15"]
[SourceQuality "1"]

1. e4 e5 2. Nf3 Nc6 3. d4 exd4 4. Nxd4 Nf6 5. Nxc6 bxc6 6. e5 Qe7 7. Qe2 Nd5 8. c4 Nb6 9. b3 Qe6 10. Bb2 Be7 11. g3 Rb8 12. h4 0-0 13. Bh3 f5 14. Nd2 Na4 15. Bd4 c5 16. Be3 Qxe5 17. 0-0 f4 18. gxf4 Rxf4 19. Nf3 Qe4 20. Nd2 Qg6+ 21. Kh2 Nc3 22. Qe1 Rxh4 23. Rg1 Qh5 24. Rg3 d5 25. Qf1 Bd6 26. f4 d4 27. Qg2 Rxh3+ 28. Rxh3 Qxh3+ 29. Qxh3 Bxh3 30. Bxd4 cxd4 0-1

[Event "GER-ch Seniors 65 31st"]
[Site "Radebeul"]
[Date "2019.04.28"]
[Round "3"]
[White "Esswein, Karlheinz"]
[Black "Klimpel, Siegfried"]
[Result "1-0"]
[WhiteElo "2077"]
[BlackElo "1856"]
[PlyCount "40"]
[EventDate "2019.04.26"]
[EventType "swiss"]
[EventRounds "9"]
[EventCountry "GER"]
[SourceTitle "CBM 190 Extra"]
[Source "ChessBase"]
[SourceDate "2019.07.15"]
[SourceVersion "1"]
[SourceVersionDate "2019.07.15"]
[SourceQuality "1"]

1. e4 e5 2. Nf3 Nc6 3. Bb5 Nd4 4. Nxd4 exd4 5. 0-0 a6 6. Bc4 d6 7. d3 Nf6 8. a4 Be6 9. Bxe6 fxe6 10. f4 e5 11. c3 c5 12. Nd2 Be7 13. Qb3 Qd7 14. Nc4 Qc7 15. cxd4 cxd4 16. Bd2 Rb8 17. Ba5 Qc5 18. Bb6 Qc6 19. fxe5 dxe5 20. Nxe5 Qd6 1-0

[Event "GER-ch Seniors 65 31st"]
[Site "Radebeul"]
[Date "2019.04.27"]
[Round "2"]
[White "Klimpel, Siegfried"]
[Black "Rudolph, Karl Heinz"]
[Result "1-0"]
[WhiteElo "1856"]
[BlackElo "1642"]
[PlyCount "73"]
[EventDate "2019.04.26"]
[EventType "swiss"]
[EventRounds "9"]
[EventCountry "GER"]
[SourceTitle "CBM 190 Extra"]
[Source "ChessBase"]
[SourceDate "2019.07.15"]
[SourceVersion "1"]
[SourceVersionDate "2019.07.15"]
[SourceQuality "1"]

1. e4 c5 2. Nf3 a6 3. d4 cxd4 4. Nxd4 Nf6 5. f3 e5 6. Nb3 Nc6 7. Nc3 Bb4 8. Bd2 d6 9. Bd3 Be6 10. a3 Bxc3 11. bxc3 d5 12. Nc5 Bc8 13. exd5 Qxd5 14. Be3 0-0 15. Rb1 Na5 16. Qe2 b5 17. Rd1 Qc6 18. 0-0 Nb7 19. Qf2 Nxc5 20. Bxc5 Re8 21. c4 Nd7 22. Be4 Qxc5 23. Qxc5 Nxc5 24. Bxa8 bxc4 25. Bc6 Rf8 26. Rd5 Ne6 27. Rfd1 Nd4 28. Rc5 Be6 29. Bb7 Nxc2 30. a4 Nb4 31. a5 f6 32. Rd6 Nd3 33. Rc7 Bf7 34. Rxa6 Be8 35. Bd5+ Bf7 36. Rxf7 Rb8 37. Rb7+ 1-0

[Event "Arber Seniors op 6th"]
[Site "Bayerisch Eisenstein"]
[Date "2018.07.30"]
[Round "3"]
[White "Kurze, Volker"]
[Black "Klimpel, Siegfried"]
[Result "1-0"]
[WhiteElo "1622"]
[BlackElo "1875"]
[PlyCount "79"]
[EventDate "2018.07.28"]
[EventType "swiss"]
[EventRounds "9"]
[EventCountry "GER"]
[SourceTitle "CBM 185 Extra"]
[Source "ChessBase"]
[SourceDate "2018.07.29"]
[SourceVersion "1"]
[SourceVersionDate "2018.07.29"]
[SourceQuality "1"]

1. e4 c5 2. b3 Nc6 3. Bb2 d6 4. Bb5 Bd7 5. Bxc6 Bxc6 6. d3 e6 7. Qe2 d5 8. exd5 Bxd5 9. Nf3 Nf6 10. Nc3 Bc6 11. 0-0-0 b5 12. Ne4 Be7 13. Rhg1 Qa5 14. Kb1 Nxe4 15. dxe4 f6 16. g4 Rd8 17. Rxd8+ Qxd8 18. g5 Qa8 19. gxf6 gxf6 20. Nd2 a5 21. Qh5+ Kd8 22. Qg4 Kd7 23. Qg7 Qf8 24. Qxf8 Rxf8 25. Rg7 Rh8 26. Bxf6 Re8 27. Rxh7 Kd8 28. e5 Bxf6 29. exf6 Rf8 30. Rh6 Kd7 31. Nf1 Kd6 32. Ne3 Ke5 33. Ng4+ Kd4 34. Kb2 b4 35. Rh7 a4 36. bxa4 c4 37. a5 c3+ 38. Kb1 Ke4 39. f7 Kf3 40. Ne5+ 1-0

[Event "Sachsen-ch Seniors op"]
[Site "Dresden"]
[Date "2016.11.01"]
[Round "2"]
[White "Chernyak, Nataliya"]
[Black "Klimpel, Siegfried"]
[Result "0-1"]
[WhiteElo "1633"]
[BlackElo "1848"]
[PlyCount "70"]
[EventDate "2016.10.31"]
[EventType "swiss"]
[EventRounds "9"]
[EventCountry "GER"]
[SourceTitle "EXT 2019"]
[Source "ChessBase"]
[SourceDate "2018.10.10"]
[SourceVersion "1"]
[SourceVersionDate "2018.10.10"]
[SourceQuality "1"]

1. e4 b6 2. Nc3 e6 3. d3 Bb7 4. h3 Bb4 5. Bd2 Ne7 6. a3 Bc5 7. Nf3 Ng6 8. g3 Nc6 9. Bg2 0-0 10. 0-0 Nce5 11. Nxe5 Nxe5 12. Ne2 Nc6 13. Bc3 e5 14. g4 a5 15. Ng3 Bd4 16. Bxd4 Nxd4 17. c3 Ne6 18. Ne2 Qg5 19. Qc1 Nf4 20. Nxf4 exf4 21. f3 Ba6 22. Qd2 Rad8 23. c4 Qf6 24. b4 Qd4+ 25. Kh2 axb4 26. Qxf4 b3 27. Rfd1 d6 28. Qd2 b5 29. Qb4 bxc4 30. dxc4 Qxc4 31. Bf1 Qxb4 32. axb4 Bxf1 33. Rxf1 c5 34. Ra4 c4 35. Rb1 Ra8 0-1

[Event "GER-chA Seniors 28th"]
[Site "Niederhausen"]
[Date "2016.08.19"]
[Round "7"]
[White "Klimpel, Siegfried"]
[Black "Kalepky, Helmut"]
[Result "0-1"]
[WhiteElo "1867"]
[BlackElo "2023"]
[PlyCount "64"]
[EventDate "2016.08.13"]
[EventType "swiss"]
[EventRounds "9"]
[EventCountry "GER"]
[SourceTitle "EXT 2019"]
[Source "ChessBase"]
[SourceDate "2018.10.10"]
[SourceVersion "1"]
[SourceVersionDate "2018.10.10"]
[SourceQuality "1"]

1. e4 e5 2. Nf3 Nc6 3. d4 exd4 4. Nxd4 Nf6 5. Nxc6 bxc6 6. Bd3 Bc5 7. Nd2 Qe7 8. Qe2 d6 9. h3 Nd7 10. Nb3 Bb6 11. c3 Ne5 12. Bc2 a5 13. Nd4 g6 14. b3 Ba6 15. Qe3 c5 16. Ne2 c4 17. Nd4 f6 18. f4 Nd7 19. Qf3 0-0 20. b4 Bxd4 21. cxd4 axb4 22. 0-0 c5 23. d5 Bb5 24. Be3 Ra3 25. Qf2 Rfa8 26. e5 Rxa2 27. e6 Rxa1 28. Bb1 f5 29. Qg3 Qf6 30. Bf2 R8a3 31. Qh4 Qxh4 32. Bxh4 Nb6 0-1

[Event "GER-chA Seniors 28th"]
[Site "Niederhausen"]
[Date "2016.08.18"]
[Round "6"]
[White "Grigat, Klaus Dieter"]
[Black "Klimpel, Siegfried"]
[Result "1/2-1/2"]
[WhiteElo "1956"]
[BlackElo "1867"]
[PlyCount "110"]
[EventDate "2016.08.13"]
[EventType "swiss"]
[EventRounds "9"]
[EventCountry "GER"]
[SourceTitle "EXT 2019"]
[Source "ChessBase"]
[SourceDate "2018.10.10"]
[SourceVersion "1"]
[SourceVersionDate "2018.10.10"]
[SourceQuality "1"]

1. e4 c6 2. d4 d6 3. Nf3 Qc7 4. Nc3 Bg4 5. Be2 Nd7 6. Be3 e5 7. Nh4 Bxe2 8. Qxe2 g6 9. d5 Bg7 10. Nf3 Ngf6 11. dxc6 bxc6 12. 0-0 0-0 13. Nd2 Rab8 14. b3 Qa5 15. Na4 d5 16. exd5 cxd5 17. c4 d4 18. Bg5 Rfe8 19. Ne4 Nxe4 20. Qxe4 h6 21. Bc1 Nf6 22. Qe1 Qc7 23. f3 d3 24. Bb2 e4 25. fxe4 Rxe4 26. Qg3 Qxg3 27. hxg3 Nh5 28. Bxg7 Nxg7 29. Rad1 Rd8 30. Nc5 Re3 31. Rf3 Re2 32. Rfxd3 Rxd3 33. Rxd3 Nf5 34. Kf1 Rxa2 35. Ne4 Kf8 36. g4 Ra1+ 37. Kf2 Ra2+ 38. Rd2 Rxd2+ 39. Nxd2 Ne7 40. Ne4 Nc6 41. Ke3 Ke7 42. Nc3 Kd6 43. Ke4 a6 44. Nd5 Na5 45. c5+ Kc6 46. b4 Nb7 47. Ne7+ Kb5 48. c6 Nd6+ 49. Kd4 Kb6 50. Kd5 Ne8 51. Ng8 Kb5 52. Nxh6 Kxb4 53. Nxf7 a5 54. Ne5 a4 55. Nc4 Nc7+ 1/2-1/2

[Event "GER-chA Seniors 28th"]
[Site "Niederhausen"]
[Date "2016.08.16"]
[Round "4"]
[White "Klimpel, Siegfried"]
[Black "Mittelbachert, Ulrich"]
[Result "1/2-1/2"]
[WhiteElo "1867"]
[BlackElo "1970"]
[PlyCount "80"]
[EventDate "2016.08.13"]
[EventType "swiss"]
[EventRounds "9"]
[EventCountry "GER"]
[SourceTitle "EXT 2019"]
[Source "ChessBase"]
[SourceDate "2018.10.10"]
[SourceVersion "1"]
[SourceVersionDate "2018.10.10"]
[SourceQuality "1"]

1. e4 c6 2. d3 d5 3. Nd2 a6 4. Ngf3 Bg4 5. Be2 e6 6. h3 Bxf3 7. Nxf3 Nd7 8. Bf4 Ne7 9. Qd2 Ng6 10. Bg3 Be7 11. e5 Qb6 12. c3 c5 13. 0-0 Rc8 14. h4 h6 15. Rfc1 a5 16. h5 Ngf8 17. d4 Nh7 18. Bh4 Qd8 19. Bxe7 Qxe7 20. b4 c4 21. a4 0-0 22. b5 Ng5 23. Nxg5 Qxg5 24. Qxg5 hxg5 25. Bg4 Rfe8 26. Re1 Nf8 27. Re3 Rc7 28. Rae1 Kh7 29. Bd1 Rce7 30. Bc2+ Kh6 31. g4 Nd7 32. Kg2 Nf8 33. Rf1 Nd7 34. f4 gxf4 35. Rxf4 Rf8 36. Rg3 Kg5 37. Rf1 Nb6 38. Rgf3 Rc7 39. Rh3 Rh8 40. Rhf3 Rf8 1/2-1/2

[Event "GER-chA Seniors 28th"]
[Site "Niederhausen"]
[Date "2016.08.15"]
[Round "3"]
[White "De Lorenzi, Norbert"]
[Black "Klimpel, Siegfried"]
[Result "0-1"]
[WhiteElo "1920"]
[BlackElo "1867"]
[PlyCount "108"]
[EventDate "2016.08.13"]
[EventType "swiss"]
[EventRounds "9"]
[EventCountry "GER"]
[SourceTitle "EXT 2019"]
[Source "ChessBase"]
[SourceDate "2018.10.10"]
[SourceVersion "1"]
[SourceVersionDate "2018.10.10"]
[SourceQuality "1"]

1. f4 g6 2. Nf3 Bg7 3. d4 d6 4. e3 a6 5. Bd3 Nf6 6. 0-0 Nc6 7. a3 Bg4 8. h3 Bd7 9. e4 e5 10. d5 Nd4 11. Nxd4 exd4 12. f5 Qe7 13. Bg5 h6 14. Bxf6 Bxf6 15. Nd2 0-0-0 16. Qe2 gxf5 17. Bxa6 Rhg8 18. Rf3 Ba4 19. Bd3 Rg5 20. Rxf5 Rxf5 21. exf5 Qxe2 22. Bxe2 Bxc2 23. Bd1 Bxf5 24. Bh5 Bg5 25. Nf3 Be3+ 26. Kh1 Rf8 27. Nh4 Be4 28. Bf3 Bd2 29. Bg4+ Kb8 30. Nf5 Bxf5 31. Bxf5 c5 32. Bd3 f5 33. g3 f4 34. gxf4 Rxf4 35. b4 Rf2 36. bxc5 dxc5 37. Rf1 Rxf1+ 38. Bxf1 Kc7 39. a4 Kd6 40. Bc4 Ke5 41. Kg2 Ke4 42. h4 Bf4 43. Kf2 d3 44. h5 Bd6 45. Ke1 Kd4 46. Ba2 c4 47. a5 Kxd5 48. a6 bxa6 49. Kd1 Kd4 50. Kc1 a5 51. Kb2 a4 52. Kc1 Bf4+ 53. Kd1 c3 54. Bb1 a3 0-1

[Event "GER-chA Seniors 28th"]
[Site "Niederhausen"]
[Date "2016.08.13"]
[Round "1"]
[White "Lang, Ferdinand"]
[Black "Klimpel, Siegfried"]
[Result "1-0"]
[WhiteElo "2091"]
[BlackElo "1867"]
[PlyCount "90"]
[EventDate "2016.08.13"]
[EventType "swiss"]
[EventRounds "9"]
[EventCountry "GER"]
[SourceTitle "EXT 2019"]
[Source "ChessBase"]
[SourceDate "2018.10.10"]
[SourceVersion "1"]
[SourceVersionDate "2018.10.10"]
[SourceQuality "1"]

1. e4 c5 2. Nc3 e6 3. f4 Nc6 4. Nf3 a6 5. a4 b6 6. Bc4 Nge7 7. e5 Nf5 8. 0-0 d5 9. Ba2 Bb7 10. d3 Be7 11. Bd2 Rc8 12. Ne2 0-0 13. c3 Qc7 14. Rc1 Qb8 15. Qe1 a5 16. Ng3 Nh4 17. Bb1 Ng6 18. Qe2 Rce8 19. Rce1 f6 20. d4 f5 21. Be3 c4 22. Ng5 Nd8 23. Nxh7 Kxh7 24. Qh5+ Kg8 25. Qxg6 Bh4 26. Nh5 Rf7 27. g3 Be7 28. Nxg7 Rxg7 29. Qxe8+ Kh7 30. Kf2 Bc6 31. Qh5+ Kg8 32. Bc2 b5 33. axb5 Bxb5 34. Ra1 Rh7 35. Qd1 a4 36. Rh1 Be8 37. Bc1 Bh5 38. Qf1 Be8 39. Bxa4 Bxa4 40. Rxa4 Qb3 41. Ra1 Rh3 42. Kg2 Rh7 43. Qd1 Qb7 44. Qa4 Kf7 45. b4 cxb3 1-0

[Event "GER-chA Seniors 27th"]
[Site "Magdeburg"]
[Date "2015.08.19"]
[Round "5"]
[White "Wiemer, Juergen"]
[Black "Klimpel, Siegfried"]
[Result "0-1"]
[WhiteElo "2062"]
[BlackElo "1801"]
[PlyCount "112"]
[EventDate "2015.08.15"]
[EventType "swiss"]
[EventRounds "9"]
[EventCountry "GER"]
[SourceTitle "EXT 2018"]
[Source "ChessBase"]
[SourceDate "2017.10.13"]
[SourceVersion "1"]
[SourceVersionDate "2017.10.13"]
[SourceQuality "1"]

1. e4 c5 2. c3 d6 3. d4 Nf6 4. Bd3 Nc6 5. Ne2 a6 6. 0-0 g6 7. h3 Bg7 8. d5 Ne5 9. Bc2 0-0 10. f4 Ned7 11. Nd2 b5 12. Nf3 Bb7 13. Rb1 Qc7 14. g4 Rad8 15. Ng3 e6 16. g5 Ne8 17. Nh4 exd5 18. exd5 f5 19. Ngxf5 gxf5 20. Nxf5 Nb6 21. Be4 Qf7 22. Ne3 Nc7 23. f5 Qe7 24. Qc2 Qxg5+ 25. Ng2 Qh5 26. Nf4 Qh4 27. Qg2 Kh8 28. Bd2 Bf6 29. Be1 Qg5 30. Bd2 Qxg2+ 31. Kxg2 Rg8+ 32. Kf3 Bxd5 33. Nxd5 Ncxd5 34. Rbd1 Be5 35. Rg1 Rxg1 36. Rxg1 Rg8 37. Rg5 Rxg5 38. Bxg5 Bf6 39. Bh6 Kg8 40. Bd2 Kg7 41. Bc1 h6 42. Kg4 Be5 43. Kf3 a5 44. a3 Nc7 45. Bd3 d5 46. Kg4 Nd7 47. Be3 b4 48. axb4 axb4 49. cxb4 c4 50. Bc2 Bxb2 51. Ba4 Nf6+ 52. Kf3 d4 53. Bf4 Ncd5 54. b5 Nb6 55. Bd1 d3 56. Bc7 Bd4 0-1

[Event "GER-chA Seniors 27th"]
[Site "Magdeburg"]
[Date "2015.08.16"]
[Round "2"]
[White "Klimpel, Siegfried"]
[Black "Achenbach, Manfred"]
[Result "1-0"]
[WhiteElo "1801"]
[BlackElo "2094"]
[PlyCount "69"]
[EventDate "2015.08.15"]
[EventType "swiss"]
[EventRounds "9"]
[EventCountry "GER"]
[SourceTitle "EXT 2018"]
[Source "ChessBase"]
[SourceDate "2017.10.13"]
[SourceVersion "1"]
[SourceVersionDate "2017.10.13"]
[SourceQuality "1"]

1. e4 c5 2. Nc3 Nc6 3. Bb5 g6 4. d3 Bg7 5. Bxc6 bxc6 6. f4 d6 7. h3 Nf6 8. Nf3 0-0 9. Be3 Rb8 10. Rb1 Nh5 11. 0-0 Bh6 12. Qc1 Bg7 13. g4 Nf6 14. f5 gxf5 15. Bh6 Ne8 16. Bxg7 Kxg7 17. exf5 e6 18. fxe6 Bxe6 19. Ng5 Nc7 20. Qf4 h6 21. Nge4 Rb4 22. Qg3 Rd4 23. Rf6 Nd5 24. Nxd5 cxd5 25. Qh4 Rh8 26. g5 dxe4 27. gxh6+ Kh7 28. c3 Qg8+ 29. Kh2 Ra4 30. c4 Qa8 31. Rg1 Rg8 32. Rg7+ Kh8 33. Rxe6 Re8 34. Qf6 Rxe6 35. Rg8+ 1-0

[Event "Arber op Seniors 3rd"]
[Site "Bayerisch Eisenstein"]
[Date "2015.08.09"]
[Round "9"]
[White "Kylar, Miroslav"]
[Black "Klimpel, Siegfried"]
[Result "1-0"]
[WhiteElo "1889"]
[BlackElo "1801"]
[PlyCount "59"]
[EventDate "2015.08.01"]
[EventType "swiss"]
[EventRounds "9"]
[EventCountry "GER"]
[SourceTitle "EXT 2016"]
[Source "ChessBase"]
[SourceDate "2015.10.08"]
[SourceVersion "1"]
[SourceVersionDate "2015.10.08"]
[SourceQuality "1"]

1. d4 Nf6 2. c4 e5 3. dxe5 Ng4 4. Nf3 Nc6 5. Bf4 Bb4+ 6. Nbd2 Qe7 7. a3 Ngxe5 8. Nxe5 Nxe5 9. e3 Bxd2+ 10. Qxd2 d6 11. Be2 Bg4 12. Bxe5 Bxe2 13. Bxd6 Qe6 14. Qxe2 Qxd6 15. Rd1 Qe6 16. 0-0 0-0 17. Rd5 c6 18. Rd4 Rad8 19. Rfd1 Rxd4 20. Rxd4 Re8 21. Qd3 Qf6 22. Qd2 h5 23. h3 Re7 24. Qa5 g6 25. Qxa7 Qg5 26. Qb8+ Kg7 27. Qd8 Qe5 28. Qd6 Qg5 29. h4 Qf6 30. Qxf6+ 1-0

[Event "Arber op Seniors 3rd"]
[Site "Bayerisch Eisenstein"]
[Date "2015.08.04"]
[Round "5"]
[White "Vorobyov, Yurij"]
[Black "Klimpel, Siegfried"]
[Result "1-0"]
[WhiteElo "2130"]
[BlackElo "1801"]
[PlyCount "31"]
[EventDate "2015.08.01"]
[EventType "swiss"]
[EventRounds "9"]
[EventCountry "GER"]
[SourceTitle "EXT 2016"]
[Source "ChessBase"]
[SourceDate "2015.10.08"]
[SourceVersion "1"]
[SourceVersionDate "2015.10.08"]
[SourceQuality "1"]

1. Nf3 c6 2. g3 d5 3. Bg2 Bg4 4. 0-0 Nd7 5. d4 e6 6. Nbd2 Bd6 7. e4 dxe4 8. Nxe4 Be7 9. Bf4 Nb6 10. Nc5 Bxc5 11. dxc5 Qxd1 12. Rfxd1 Nd7 13. Rxd7 Bxf3 14. Rxb7 Bxg2 15. Kxg2 Ne7 16. Rxe7+ 1-0

[Event "Arber op Seniors 3rd"]
[Site "Bayerisch Eisenstein"]
[Date "2015.08.02"]
[Round "3"]
[White "Mentink, Toon"]
[Black "Klimpel, Siegfried"]
[Result "0-1"]
[WhiteElo "1852"]
[BlackElo "1801"]
[PlyCount "110"]
[EventDate "2015.08.01"]
[EventType "swiss"]
[EventRounds "9"]
[EventCountry "GER"]
[SourceTitle "EXT 2016"]
[Source "ChessBase"]
[SourceDate "2015.10.08"]
[SourceVersion "1"]
[SourceVersionDate "2015.10.08"]
[SourceQuality "1"]

1. Nc3 Nf6 2. d4 d5 3. f3 e6 4. e4 dxe4 5. fxe4 Bb4 6. Bg5 h6 7. Bxf6 gxf6 8. Nf3 Nc6 9. Qd2 Qe7 10. 0-0-0 Bd7 11. d5 Ne5 12. Nxe5 fxe5 13. Bc4 0-0-0 14. a3 Bc5 15. Kb1 a6 16. Qe2 Bd4 17. Qf3 Rhg8 18. Rdf1 Rdf8 19. g3 Qc5 20. Qd3 Bxc3 21. Qxc3 b5 22. dxe6 fxe6 23. Bxe6 Qxc3 24. Bxd7+ Kxd7 25. bxc3 Kd6 26. Rd1+ Ke6 27. Rhf1 h5 28. Kb2 Rxf1 29. Rxf1 h4 30. Rf3 a5 31. Re3 h3 32. c4 c6 33. cxb5 cxb5 34. Re2 Rg7 35. c4 bxc4 36. Kc3 Rb7 37. Kxc4 a4 38. Rd2 Rb3 39. Kc5 Rxa3 40. Rd6+ Ke7 41. Rh6 Re3 42. Kd5 a3 43. Kxe5 Kf7 44. Rf6+ Ke7 45. Ra6 Rf3 46. Ra7+ Kf8 47. Kd5 Rxg3 48. hxg3 h2 49. Rh7 a2 50. Rxh2 a1Q 51. Ke6 Qg7 52. e5 Ke8 53. g4 Qf8 54. Kd5 Qe7 55. Kd4 Qb4+ 0-1